000 00312nam a22001337a 4500
008 190225b xxu||||| |||| 00| 0 eng d
020 _a0618777385
041 _aeng
080 _a510
100 _a36
101 _aMAT
245 _aMathematical Thinking and Quantitative Reasoning
_cAufmann
942 _2udc
_cBK
999 _c54215
_d54215